LIBRARY & INFORMATION CENTRE, KCAET, TAVANUR

ONLINE PUBLIC ACCESS CATALOGUE (OPAC)

Irrigation in India : History and potentials fo social management / (Record no. 358)

MARC details
000 -LEADER
fixed length control field 00528cam a2200181ua 4500
020 ## - INTERNATIONAL STANDARD BOOK NUMBER
ISBN 81-86024-01-8
041 ## - LANGUAGE CODE
Language code of text/sound track or separate title eng
082 ## - DEWEY DECIMAL CLASSIFICATION NUMBER
Classification number 631.587 095 4
Item number BAG/IR
100 ## - MAIN ENTRY--AUTHOR NAME
Personal name Bagchi, Kathakali S .
245 ## - TITLE STATEMENT
Title Irrigation in India : History and potentials fo social management /
250 ## - EDITION STATEMENT
Edition statement 1 /
260 ## - PUBLICATION, DISTRIBUTION, ETC. (IMPRINT)
Place of publication :
Name of publisher Trust for development initiatives ,
Year of publication 1995.
300 ## - PHYSICAL DESCRIPTION
Number of Pages 161 ; .
942 ## - ADDED ENTRY ELEMENTS (KOHA)
Koha item type Books
Holdings
Withdrawn status Lost status Damaged status Home library Current library Date acquired Full call number Accession Number Koha item type
      KAUAET KAUAET 07/04/2012 631.587 095 4 20575 Books
free website counter